[Event "Czech Open A 1-44"]
[Site "?"]
[Date "2013.07.22"]
[Round "4.39"]
[White "Smith, Bryan"]
[Black "Stromboli, Ettore"]
[Result "1-0"]
[LiveChessVersion "1.4.2"]
[BlackElo "2335"]
[WhiteElo "2456"]

1. e4 {[%clk 1:26:38]} e6 {[%clk 1:30:51]} 2. d3 {[%clk 1:26:58]} d5
{[%clk 1:31:06]} 3. Qe2 {[%clk 1:27:26]} Nf6 {[%clk 1:31:15]} 4. e5
{[%clk 1:27:46]} Nfd7 {[%clk 1:31:38]} 5. f4 {[%clk 1:28:11]} c5 {[%clk 1:30:47]}
6. Nf3 {[%clk 1:28:35]} Nc6 {[%clk 1:29:48]} 7. g3 {[%clk 1:28:58]} Be7
{[%clk 1:28:36]} 8. Bg2 {[%clk 1:29:15]} O-O {[%clk 1:26:55]} 9. c4
{[%clk 1:24:03]} dxc4 {[%clk 1:17:43]} 10. dxc4 {[%clk 1:24:25]} Nd4
{[%clk 1:06:45]} 11. Nxd4 {[%clk 1:20:08]} cxd4 {[%clk 1:07:13]} 12. O-O
{[%clk 1:19:00]} Nc5 {[%clk 1:03:35]} 13. Nd2 {[%clk 1:08:21]} Bd7
{[%clk 0:49:24]} 14. Ne4 {[%clk 1:04:12]} Bc6 {[%clk 0:47:13]} 15. Nxc5
{[%clk 1:04:00]} Bxc5 {[%clk 0:44:14]} 16. Qd3 {[%clk 1:04:15]} Qd7
{[%clk 0:43:05]} 17. Bd2 {[%clk 0:58:54]} a5 {[%clk 0:33:20]} 18. h4
{[%clk 0:48:11]} Rfb8 {[%clk 0:27:34]} 19. b3 {[%clk 0:41:33]} b5
{[%clk 0:23:39]} 20. Bxc6 {[%clk 0:40:53]} Qxc6 {[%clk 0:23:52]} 21. Rac1
{[%clk 0:40:56]} Ba3 {[%clk 0:17:28]} 22. cxb5 {[%clk 0:39:34]} Qd7
{[%clk 0:17:45]} 23. Rc6 {[%clk 0:38:51]} a4 {[%clk 0:10:12]} 24. Rb1
{[%clk 0:31:04]} Be7 {[%clk 0:08:10]} 25. Ra6 {[%clk 0:18:40]} axb3
{[%clk 0:04:18]} 26. Rxb3 {[%clk 0:16:17]} Bc5 {[%clk 0:03:34]} 27. Rxa8
{[%clk 0:09:35]} Rxa8 {[%clk 0:04:03]} 28. b6 {[%clk 0:09:30]} Rb8
{[%clk 0:01:54]} 29. Qb5 {[%clk 0:08:25]} Qd5 {[%clk 0:00:38]} 30. Bb4
{[%clk 0:07:21]} Bxb6 {[%clk 0:00:37]} 31. Qxd5 {[%clk 0:07:30]} d3+
{[%clk 0:00:48]} 32. Bc5 {[%clk 0:05:36]} exd5 {[%clk 0:01:11]} 33. Kf1
{[%clk 0:03:25]} Bc7 {[%clk 0:00:50]} 34. Rxb8+ {[%clk 0:03:47]} Bxb8
{[%clk 0:01:19]} 35. Ke1 {[%clk 0:02:45]} h6 {[%clk 0:00:45]} 36. h5
{[%clk 0:01:57]} g6 {[%clk 0:00:42]} 37. hxg6 {[%clk 0:01:52]} fxg6
{[%clk 0:01:11]} 38. Kd2 {[%clk 0:01:04]} Kf7 {[%clk 0:01:32]} 39. Kxd3
{[%clk 0:01:01]} Ke6 {[%clk 0:00:38]} 40. Bb6 {[%clk 0:30:40]} g5
{[%clk 0:30:37]} 41. fxg5 {[%clk 0:19:25]} hxg5 {[%clk 0:12:29]} 42. Bd4
{[%clk 0:19:40]} Kf5 {[%clk 0:09:36]} 43. a4 {[%clk 0:19:41]} Bc7
{[%clk 0:09:43]} 44. Bc3 {[%clk 0:19:22]} g4 {[%clk 0:09:48]} 45. a5
{[%clk 0:19:27]} d4 {[%clk 0:06:14]} 46. a6 {[%clk 0:19:42]} Ke4+ 47. Kxe4 1-0

[Event "Czech Open A 1-44"]
[Site "?"]
[Date "2013.07.23"]
[Round "5.10"]
[White "Richter, Michael"]
[Black "Babula, Vlastimil"]
[Result "1/2-1/2"]
[LiveChessVersion "1.4.2"]
[BlackElo "2583"]
[WhiteElo "2470"]

1. d4 {[%clk 1:30:56]} Nf6 {[%clk 1:30:52]} 2. c4 {[%clk 1:31:17]} e6
{[%clk 1:31:07]} 3. Nc3 {[%clk 1:31:41]} Bb4 {[%clk 1:31:17]} 4. f3
{[%clk 1:32:00]} c5 {[%clk 1:30:53]} 5. d5 {[%clk 1:32:11]} O-O {[%clk 1:29:56]}
6. e4 {[%clk 1:32:11]} d6 {[%clk 1:24:09]} 7. Nge2 {[%clk 1:32:11]} b5
{[%clk 1:22:58]} 8. Nf4 {[%clk 1:31:48]} a6 {[%clk 1:21:55]} 9. Be2
{[%clk 1:32:00]} exd5 {[%clk 1:13:20]} 10. cxd5 {[%clk 1:23:56]} Nbd7
{[%clk 1:08:23]} 11. O-O {[%clk 1:21:19]} Ne5 {[%clk 1:03:16]} 12. Kh1
{[%clk 1:06:15]} Bd7 {[%clk 1:01:00]} 13. Nd3 {[%clk 1:05:43]} Nxd3
{[%clk 1:00:13]} 14. Qxd3 {[%clk 1:06:07]} h6 {[%clk 0:55:47]} 15. g4
{[%clk 0:48:24]} Nh7 {[%clk 0:50:58]} 16. Nd1 {[%clk 0:42:28]} Re8
{[%clk 0:39:05]} 17. Ne3 {[%clk 0:40:38]} c4 {[%clk 0:37:50]} 18. Qd1
{[%clk 0:36:40]} Bc5 {[%clk 0:27:11]} 19. Qe1 {[%clk 0:23:15]} Qb6
{[%clk 0:18:59]} 20. Nf5 {[%clk 0:22:56]} Bxf5 {[%clk 0:18:23]} 21. gxf5
{[%clk 0:23:22]} Be3 {[%clk 0:15:50]} 22. Qg3 {[%clk 0:21:29]} Kh8
{[%clk 0:09:23]} 23. Bxe3 {[%clk 0:18:46]} Qxe3 {[%clk 0:09:49]} 24. Rg1
{[%clk 0:16:14]} Rg8 {[%clk 0:10:12]} 25. Rg2 {[%clk 0:13:45]} Rad8
{[%clk 0:08:32]} 26. Rag1 {[%clk 0:13:30]} Qd4 {[%clk 0:05:22]} 27. Bd1
{[%clk 0:12:45]} Qe5 {[%clk 0:05:01]} 28. Qf2 {[%clk 0:11:28]} Nf6
{[%clk 0:04:56]} 29. Qh4 {[%clk 0:10:28]} Rde8 {[%clk 0:04:32]} 30. a3
{[%clk 0:08:02]} 1/2-1/2

[Event "Czech Open A 1-44"]
[Site "?"]
[Date "2013.07.23"]
[Round "5.31"]
[White "Farkas, Gabor"]
[Black "Idani, Pouya"]
[Result "0-1"]
[LiveChessVersion "1.4.2"]
[BlackElo "2476"]
[WhiteElo "2359"]

1. d4 {[%clk 1:30:17]} Nf6 {[%clk 1:30:53]} 2. c4 {[%clk 1:30:39]} e6
{[%clk 1:31:18]} 3. g3 {[%clk 1:29:33]} c5 {[%clk 1:29:33]} 4. d5
{[%clk 1:27:42]} exd5 {[%clk 1:29:57]} 5. cxd5 {[%clk 1:28:07]} d6
{[%clk 1:30:24]} 6. Nc3 {[%clk 1:28:31]} g6 {[%clk 1:30:50]} 7. Bg2
{[%clk 1:28:48]} Bg7 {[%clk 1:31:14]} 8. Nf3 {[%clk 1:29:04]} O-O
{[%clk 1:31:37]} 9. O-O {[%clk 1:29:27]} a6 {[%clk 1:32:03]} 10. a4
{[%clk 1:28:52]} Re8 {[%clk 1:32:28]} 11. Nd2 {[%clk 1:27:10]} Nbd7
{[%clk 1:31:42]} 12. h3 {[%clk 1:21:22]} Rb8 {[%clk 1:32:01]} 13. Nc4
{[%clk 1:19:37]} Ne5 {[%clk 1:32:25]} 14. Na3 {[%clk 1:19:25]} Nh5
{[%clk 1:32:38]} 15. Kh2 {[%clk 1:19:16]} f5 {[%clk 1:30:30]} 16. f4
{[%clk 1:12:12]} Nf7 {[%clk 1:30:53]} 17. Nc4 {[%clk 1:07:13]} Nf6
{[%clk 1:27:41]} 18. Qc2 {[%clk 1:00:01]} Bd7 {[%clk 1:26:54]} 19. a5
{[%clk 0:47:01]} Bb5 {[%clk 1:25:30]} 20. b3 {[%clk 0:45:00]} Bxc4
{[%clk 1:06:52]} 21. bxc4 {[%clk 0:45:19]} Nd7 {[%clk 1:05:00]} 22. e4
{[%clk 0:40:34]} fxe4 {[%clk 0:59:30]} 23. Bb2 {[%clk 0:40:27]} e3
{[%clk 0:52:47]} 24. Ne4 {[%clk 0:38:47]} Nf6 {[%clk 0:48:59]} 25. Ra2
{[%clk 0:27:08]} Nxe4 {[%clk 0:48:56]} 26. Bxe4 {[%clk 0:26:06]} Bxb2
{[%clk 0:47:29]} 27. Rxb2 {[%clk 0:26:13]} Qxa5 {[%clk 0:46:53]} 28. Qd3
{[%clk 0:22:27]} b5 {[%clk 0:45:03]} 29. cxb5 {[%clk 0:18:57]} Rxb5
{[%clk 0:44:24]} 30. Re2 {[%clk 0:18:55]} Rb4 {[%clk 0:41:01]} 31. Bf3
{[%clk 0:10:10]} Rd4 {[%clk 0:38:52]} 32. Qb1 {[%clk 0:10:18]} Rd2
{[%clk 0:37:34]} 33. Rfe1 {[%clk 0:10:30]} c4 {[%clk 0:36:41]} 34. Kh1
{[%clk 0:10:21]} Rxe2 {[%clk 0:32:17]} 35. Rxe2 {[%clk 0:10:42]} Qc5
{[%clk 0:32:34]} 36. h4 {[%clk 0:07:39]} Nh6 {[%clk 0:32:10]} 37. h5
{[%clk 0:05:50]} Nf5 {[%clk 0:32:31]} 38. Kg2 {[%clk 0:06:15]} Nd4
{[%clk 0:23:54]} 39. hxg6 {[%clk 0:06:34]} Nxe2 {[%clk 0:24:19]} 40. Qf5
{[%clk 0:36:17]} Nxf4+ {[%clk 0:53:38]} 41. Qxf4 {[%clk 0:34:35]} Qc7
{[%clk 0:52:44]} 42. Bh5 {[%clk 0:32:14]} hxg6 {[%clk 0:52:31]} 43. Bxg6
{[%clk 0:32:35]} e2 {[%clk 0:52:02]} 0-1

[Event "Czech open A"]
[Site "?"]
[Date "2013.07.23"]
[Round "5.45"]
[White "Battey, Alexander"]
[Black "Belyakov, Bogdan"]
[Result "1/2-1/2"]
[WhiteElo "2304"]
[BlackElo "2430"]
[PlyCount "43"]
[EventDate "2013.??.??"]
[TimeControl "6000+1220"]
[WhiteClock "0:31:22"]
[BlackClock "0:50:49"]

1. d4 Nf6 2. c4 g6 3. Nc3 Bg7 4. g3 O-O 5. Bg2 d6 6. Nf3 c5 7. O-O Nc6 8. d5
Na5 9. Nd2 a6 10. Qc2 Rb8 11. a4 e5 12. b3 Bf5 13. e4 Bd7 14. Ne2 b6 15. Bb2
Qc8 16. Rae1 Bh3 17. f4 Bxg2 18. Kxg2 Nd7 19. Bc3 Qd8 20. Ra1 Qe7 21. Rae1 Qd8
22. Ra1 1/2-1/2

[Event "Czech open A"]
[Site "?"]
[Date "2013.07.23"]
[Round "5.46"]
[White "Pechac, Jergus"]
[Black "Plischki, Sebastian"]
[Result "0-1"]
[WhiteElo "2182"]
[BlackElo "2413"]
[PlyCount "72"]
[EventDate "2013.??.??"]
[TimeControl "6000+740"]
[WhiteClock "0:57:17"]
[BlackClock "0:10:18"]

1. e4 d6 2. c4 c5 3. Nc3 Nc6 4. Nge2 g6 5. d4 cxd4 6. Nxd4 Nf6 7. Be3 Ng4 8.
Nc2 Nxe3 9. Nxe3 Bg7 10. Qd2 O-O 11. Be2 Be6 12. O-O Qa5 13. Rac1 Rfc8 14. Rfd1
Rab8 15. b3 a6 16. Ncd5 Qxd2 17. Rxd2 Bxd5 18. Rxd5 Nb4 19. Ra5 Bh6 20. Rc3 b6
21. Ra4 Bxe3 22. Rxe3 a5 23. a3 Nc6 24. b4 Ra8 25. g3 Kf8 26. Rc3 e5 27. bxa5
bxa5 28. Bg4 Nd4 29. Kg2 Rc5 30. f4 Rb8 31. Rd3 Rb2+ 32. Kh3 Ke7 33. fxe5 dxe5
34. Bd1 f6 35. g4 Ne6 36. Rb3 Ng5+ 0-1

[Event "Czech open A"]
[Site "?"]
[Date "2013.07.23"]
[Round "5.47"]
[White "Kutynec, Vladimir"]
[Black "Nabaty, Tamir"]
[Result "0-1"]
[WhiteElo "2300"]
[BlackElo "2586"]
[PlyCount "42"]
[EventDate "2013.??.??"]
[TimeControl "6000+1290"]
[WhiteClock "0:27:11"]
[BlackClock "1:03:07"]

1. Nf3 d5 2. c4 dxc4 3. e3 Be6 4. Nc3 Nf6 5. Nd4 Bg4 6. Nf3 e6 7. Bxc4 a6 8. a4
Bb4 9. h3 Bh5 10. Qb3 Bxf3 11. gxf3 c5 12. d4 Nc6 13. dxc5 Nd7 14. Bd2 Nxc5 15.
Qc2 Qh4 16. f4 O-O-O 17. Kf1 g5 18. Be1 gxf4 19. Bb5 axb5 20. axb5 f3 21. bxc6
Qc4+ 0-1

[Event "Czech open A"]
[Site "?"]
[Date "2013.07.23"]
[Round "5.48"]
[White "Cherepanov, Vladislav"]
[Black "Stocek, Jiri"]
[Result "0-1"]
[WhiteElo "2284"]
[BlackElo "2576"]
[PlyCount "142"]
[EventDate "2013.??.??"]
[TimeControl "6000+2190"]
[WhiteClock "0:00:50"]
[BlackClock "0:01:35"]

1. d4 Nf6 2. c4 e6 3. Nc3 Bb4 4. Qc2 d6 5. Bg5 h6 6. Bh4 O-O 7. e3 Re8 8. Nge2
c6 9. O-O-O Nbd7 10. Kb1 a6 11. a3 Ba5 12. Ne4 Bc7 13. N2c3 Qe7 14. Bd3 d5 15.
cxd5 cxd5 16. Nd2 Ba5 17. b4 Bd8 18. Qb3 Qf8 19. a4 a5 20. b5 e5 21. Bg3 Bb6
22. Ne2 Ba7 23. Ka2 Nh5 24. Qa3 Nxg3 25. Qxf8+ Kxf8 26. hxg3 Nf6 27. Nb3 Bg4
28. f3 e4 29. fxg4 exd3 30. Rxd3 Nxg4 31. Re1 Rxe3 32. Rxe3 Nxe3 33. Nxa5 Nxg2
34. Rd1 Bb6 35. Nxb7 Rxa4+ 36. Kb3 Ra7 37. Nc5 Ne3 38. Rd3 Nc4 39. Nc3 Ra3+ 40.
Kc2 Ra5 41. N5a4 Bd8 42. Kb3 Nd6 43. Kb4 h5 44. Re3 Ra8 45. Nxd5 Nxb5 46. Kxb5
Ra5+ 47. Kc6 Rxa4 48. Rd3 g6 49. Kd7 Bg5 50. Nc7 Bf6 51. d5 Be5 52. d6 Rg4 53.
Nd5 Rxg3 54. Rd1 h4 55. Kc6 Bxd6 56. Kxd6 Kg7 57. Ke5 Rg4 58. Rf1 h3 59. Ne3
f6+ 60. Kd5 Rh4 61. Rg1 Kf7 62. Nf1 g5 63. Nd2 Kg6 64. Nf3 Rf4 65. Nd4 g4 66.
Ne2 Rb4 67. Rf1 Kg5 68. Ng3 Rb5+ 69. Kd4 f5 70. Ne2 Rb3 71. Rc1 h2 0-1

[Event "Czech open A"]
[Site "?"]
[Date "2013.07.23"]
[Round "5.49"]
[White "Geller, Jakov"]
[Black "Meissner, Felix"]
[Result "1-0"]
[WhiteElo "2549"]
[BlackElo "2285"]
[PlyCount "83"]
[EventDate "2013.??.??"]
[TimeControl "6000+1510"]
[WhiteClock "1:13:23"]
[BlackClock "0:29:19"]

1. d4 Nf6 2. Nf3 g6 3. Bf4 Bg7 4. e3 O-O 5. h3 d6 6. Be2 b6 7. O-O Bb7 8. Bh2
Nbd7 9. a4 a5 10. Na3 e6 11. Nb5 Ne8 12. c3 Qe7 13. b4 e5 14. bxa5 bxa5 15. Rb1
e4 16. Nd2 Nb6 17. c4 Bc6 18. Qc2 Nc8 19. Nb3 Nb6 20. c5 dxc5 21. Nxc5 Nc8 22.
Rfc1 Ncd6 23. Nb3 Bd7 24. Qd2 Nxb5 25. axb5 a4 26. Nc5 Nd6 27. Qb4 Rfb8 28. Na6
Rxa6 29. bxa6 Rxb4 30. Rxb4 Nc8 31. Rb8 Bf8 32. Rxc7 a3 33. Bc4 a2 34. Bxa2 Qa3
35. Bc4 Be6 36. Rbxc8 Qa1+ 37. Bf1 Bxc8 38. Rxc8 Kg7 39. Be5+ f6 40. Bb8 Bb4
41. a7 Be1 42. Bg3 1-0

[Event "Czech open A"]
[Site "?"]
[Date "2013.07.23"]
[Round "5.50"]
[White "Nadjezhdin, Dmitry"]
[Black "Gretarsson, Hjoerrar Steinn"]
[Result "0-1"]
[WhiteElo "2300"]
[BlackElo "2511"]
[PlyCount "112"]
[EventDate "2013.??.??"]
[TimeControl "6000+710"]
[WhiteClock "0:24:45"]
[BlackClock "0:23:05"]

1. Nf3 Nf6 2. c4 e6 3. g3 d5 4. b3 Be7 5. Bb2 b6 6. Bg2 Bb7 7. O-O O-O 8. e3 a5
9. Nc3 Nbd7 10. d3 Nc5 11. Ne5 Bd6 12. Nb5 Bxe5 13. Bxe5 c6 14. Nd4 Qe7 15. Ne2
Rfd8 16. Qc2 Ncd7 17. Bb2 e5 18. a4 c5 19. Nc3 Nf8 20. e4 d4 21. Nd5 Nxd5 22.
exd5 Ng6 23. Rae1 Qd6 24. Qe2 Rf8 25. h4 f6 26. Bc1 Rae8 27. h5 Nh8 28. Qg4 Bc8
29. Qh4 Bf5 30. Rd1 Qd7 31. Rfe1 Nf7 32. Be4 h6 33. Qh1 Nd6 34. f3 Bxe4 35.
fxe4 Qg4 36. Kg2 f5 37. exf5 Rxf5 38. Qh4 Qf3+ 39. Kg1 Qf2+ 40. Kh1 Ref8 41.
Qg4 R5f6 42. Re2 Qf5 43. Qxf5 Rxf5 44. g4 Rf1+ 45. Rxf1 Rxf1+ 46. Kg2 Rxc1 47.
Rxe5 Kf7 48. Re6 Ne8 49. Rxb6 Rc3 50. Rb7+ Kf8 51. Rb5 Rxd3 52. Rxc5 Rxb3 53.
Rxa5 d3 54. Kf2 d2 55. Ke2 Rd3 56. Kd1 Nd6 0-1

[Event "Czech open A"]
[Site "?"]
[Date "2013.07.23"]
[Round "5.51"]
[White "Stupak, Kirill"]
[Black "Heimrath, Reiner"]
[Result "1-0"]
[WhiteElo "2510"]
[BlackElo "2280"]
[PlyCount "79"]
[EventDate "2013.??.??"]
[TimeControl "6000+730"]
[WhiteClock "1:17:42"]
[BlackClock "0:03:13"]

1. d4 b6 2. Nf3 Bb7 3. g3 e6 4. Bg2 c5 5. c4 cxd4 6. Qxd4 Nc6 7. Qf4 Rc8 8. O-O
Qc7 9. Nc3 d6 10. Rd1 a6 11. b3 Nf6 12. Ba3 Ne5 13. Rac1 Be7 14. Qd4 Nc6 15.
Qd2 Rd8 16. Nd5 exd5 17. cxd5 Nxd5 18. Qxd5 Qd7 19. Ng5 O-O 20. Nxh7 Rfe8 21.
Ng5 Bf6 22. Ne4 Be5 23. Qd3 Qg4 24. Bf3 Qg6 25. Nc3 Qh6 26. Bd5 Re6 27. Ne4 Na5
28. b4 Bxd5 29. Qxd5 Qh5 30. bxa5 Rh6 31. h4 Qg4 32. Rc4 Qxe2 33. Qd3 Qh5 34.
axb6 d5 35. b7 dxc4 36. Qxd8+ Kh7 37. Ng5+ Kg6 38. Rd6+ Kf5 39. Qd7+ Re6 40.
Rxe6 1-0

[Event "Czech open A"]
[Site "?"]
[Date "2013.07.23"]
[Round "5.52"]
[White "Shemeakin, Alexander"]
[Black "Zorko, Jure"]
[Result "1/2-1/2"]
[WhiteElo "2299"]
[BlackElo "2459"]
[PlyCount "40"]
[EventDate "2013.??.??"]
[TimeControl "6000+1075"]
[WhiteClock "0:55:14"]
[BlackClock "0:43:19"]

1. d4 Nf6 2. c4 e6 3. Nc3 Bb4 4. Qc2 d5 5. a3 Bxc3+ 6. Qxc3 O-O 7. Nf3 dxc4 8.
Qxc4 b6 9. Bg5 Ba6 10. Qa4 c5 11. Rd1 cxd4 12. Nxd4 Qe8 13. Qxe8 Rxe8 14. Bxf6
gxf6 15. e3 Bxf1 16. Rxf1 Rc8 17. Ke2 Kf8 18. Rd2 a6 19. Rfd1 Ke7 20. g4 Ra7
1/2-1/2

[Event "Czech open A"]
[Site "?"]
[Date "2013.07.23"]
[Round "5.53"]
[White "Rzayev, Bahruz"]
[Black "Braeuer, Franz"]
[Result "1-0"]
[WhiteElo "2429"]
[BlackElo "2275"]
[PlyCount "63"]
[EventDate "2013.??.??"]
[TimeControl "6000+975"]
[WhiteClock "0:51:25"]
[BlackClock "0:03:33"]

1. e4 c5 2. Nf3 d6 3. d4 cxd4 4. Nxd4 Nf6 5. Nc3 a6 6. Rg1 h5 7. Bg5 e6 8. Qd2
Be7 9. f4 Qc7 10. O-O-O b5 11. a3 Nbd7 12. Nf3 Nc5 13. Qe1 Bb7 14. e5 dxe5 15.
Nxe5 Rc8 16. Bd3 Nd5 17. Bxe7 Qxe7 18. Nxd5 Bxd5 19. Kb1 Na4 20. Qa5 O-O 21. g4
h4 22. g5 Rc3 23. Qb4 Rc5 24. Rg4 Rd8 25. Rxh4 Nc3+ 26. bxc3 a5 27. Qb2 Qa7 28.
g6 fxg6 29. Nxg6 Kf7 30. Ne5+ Ke7 31. c4 bxc4 32. Nc6+ 1-0

[Event "Czech open A"]
[Site "?"]
[Date "2013.07.23"]
[Round "5.54"]
[White "Jorczik, Julian Marcel"]
[Black "Le Ruyet, Leopold"]
[Result "1-0"]
[WhiteElo "2422"]
[BlackElo "2273"]
[PlyCount "79"]
[EventDate "2013.??.??"]
[TimeControl "6000+1715"]
[WhiteClock "0:31:35"]
[BlackClock "0:02:17"]

1. d4 d5 2. c4 e6 3. Nc3 c5 4. cxd5 exd5 5. Nf3 Nc6 6. g3 Nf6 7. Bg2 Be7 8. O-O
O-O 9. Bf4 c4 10. Ne5 Be6 11. Nxc4 dxc4 12. d5 Qb6 13. dxe6 fxe6 14. Qa4 Rac8
15. Qxc4 Nd4 16. Qd3 Rfd8 17. Rab1 Ng4 18. Qe4 Rd7 19. e3 Nf6 20. Qe5 Ng4 21.
Qh5 Nf6 22. Qh3 Nc2 23. a3 Qa6 24. Ne4 Nd5 25. Be5 h6 26. Qg4 Bf8 27. Bh3 Rc6
28. Rbc1 Ncxe3 29. fxe3 Nxe3 30. Nf6+ Kh8 31. Qe4 Qd3 32. Qxd3 Rxd3 33. Rxc6
bxc6 34. Rf3 gxf6 35. Rxf6 Bg7 36. Rf8+ Kh7 37. Rf7 Rd1+ 38. Kf2 Rf1+ 39. Bxf1
Ng4+ 40. Kg2 1-0

[Event "Czech open A"]
[Site "?"]
[Date "2013.07.23"]
[Round "5.55"]
[White "Karavade, Eesha"]
[Black "Vetoshko, Volodymyr"]
[Result "1/2-1/2"]
[WhiteElo "2398"]
[BlackElo "2268"]
[PlyCount "39"]
[EventDate "2013.??.??"]
[TimeControl "6000+1190"]
[WhiteClock "0:54:00"]
[BlackClock "0:45:58"]

1. Nf3 c5 2. c4 b6 3. Nc3 Bb7 4. d4 cxd4 5. Nxd4 Nf6 6. f3 a6 7. e4 d6 8. Be2
e6 9. Be3 Qc7 10. Qd2 Be7 11. O-O O-O 12. Rac1 Nbd7 13. Rfd1 Rac8 14. a3 Qb8
15. b4 Rfe8 16. Kh1 Bd8 17. Bg1 Bc7 18. Qa2 Kh8 19. Nb3 Rg8 20. a4 1/2-1/2

[Event "Czech open A"]
[Site "?"]
[Date "2013.07.23"]
[Round "5.56"]
[White "Seger, Ruediger"]
[Black "Sochacki, Wojtek"]
[Result "0-1"]
[WhiteElo "2393"]
[BlackElo "2264"]
[PlyCount "94"]
[EventDate "2013.??.??"]
[TimeControl "6000+840"]
[WhiteClock "0:29:15"]
[BlackClock "0:25:03"]

1. e4 c5 2. c3 Nf6 3. e5 Nd5 4. d4 cxd4 5. Nf3 Nc6 6. cxd4 d6 7. Bc4 Nb6 8. Bb5
d5 9. h3 Bf5 10. Nc3 e6 11. O-O Rc8 12. Bg5 Be7 13. Bxe7 Qxe7 14. Re1 O-O 15.
Rc1 Qb4 16. Re2 a6 17. a3 Qe7 18. Bd3 Bxd3 19. Qxd3 Na5 20. h4 h6 21. g3 Rc6
22. Rcc2 Rfc8 23. Ne1 Nac4 24. Nd1 Nd7 25. f4 b5 26. Nf2 Nf8 27. Kg2 b4 28. a4
Qb7 29. Nd1 Qb6 30. Nf3 Qa5 31. Ne1 Qxa4 32. b3 Qb5 33. Ra2 Na3 34. Qxb5 Nxb5
35. Nc2 a5 36. Kf2 Nc3 37. Nxc3 Rxc3 38. Ne1 Rxb3 39. Rxa5 Rcc3 40. g4 Ng6 41.
f5 Nxh4 42. Ra8+ Kh7 43. fxe6 fxe6 44. Ra6 Ng6 45. Ng2 Rg3 46. Ne3 Nf4 47. Re1
Rh3 0-1

[Event "Czech open A"]
[Site "?"]
[Date "2013.07.23"]
[Round "5.57"]
[White "Kourousis, Epaminondas"]
[Black "Koykka, Pekka"]
[Result "0-1"]
[WhiteElo "2391"]
[BlackElo "2250"]
[PlyCount "126"]
[EventDate "2013.??.??"]
[TimeControl "6000+1100"]
[WhiteClock "0:00:46"]
[BlackClock "0:03:33"]

1. Nf3 d5 2. d4 Nf6 3. c4 c6 4. e3 Bf5 5. Nc3 e6 6. Nh4 Be4 7. f3 Bg6 8. Qb3 b5
9. cxd5 exd5 10. g3 Nbd7 11. Kf2 Be7 12. Kg2 O-O 13. Nxg6 hxg6 14. Bd3 b4 15.
Ne2 Qb6 16. Bd2 c5 17. Qd1 Rfe8 18. Rc1 Nf8 19. Qa4 a5 20. Be1 Ne6 21. Bf2 Qa7
22. Rhd1 Rec8 23. Bb1 Qa6 24. Rd2 cxd4 25. exd4 Rxc1 26. Nxc1 Ne8 27. Bd3 Qa7
28. Ne2 Bf6 29. Qc6 N8c7 30. Rc2 Rd8 31. Be3 g5 32. Bf2 g6 33. Rc1 Kg7 34. h3
Be7 35. Qc2 Ne8 36. Qa4 N8c7 37. Rc2 Ne8 38. Rc6 N8c7 39. Be3 Rd6 40. Rc1 Bf6
41. Bf2 Rd8 42. Rc6 Rb8 43. g4 Rd8 44. Qc2 Rd7 45. Qa4 Rd8 46. Qd1 Qb7 47. Qc2
Rd7 48. Qa4 Rd8 49. Bg3 Qa7 50. a3 Qb7 51. Qc2 bxa3 52. bxa3 Nb5 53. Bxb5 Qxb5
54. a4 Qb4 55. Bf2 Rb8 56. Qc3 Qb2 57. Qc2 Rb4 58. Qxb2 Rxb2 59. Kf1 Ra2 60.
Rd6 Rxa4 61. Rxd5 Ra1+ 62. Be1 a4 63. Kf2 Ra2 0-1

[Event "Czech open A"]
[Site "?"]
[Date "2013.07.23"]
[Round "5.58"]
[White "Lorscheid, Gerhard"]
[Black "Kanovsky, David"]
[Result "0-1"]
[WhiteElo "2273"]
[BlackElo "2389"]
[PlyCount "70"]
[EventDate "2013.??.??"]
[TimeControl "6000+1920"]
[WhiteClock "0:03:37"]
[BlackClock "0:16:33"]

1. d4 Nf6 2. c4 c5 3. d5 e6 4. Nc3 exd5 5. cxd5 d6 6. e4 g6 7. Nge2 Bg7 8. Ng3
O-O 9. Be2 a6 10. a4 Nbd7 11. O-O Rb8 12. Bf4 Qc7 13. Qd2 Re8 14. f3 h5 15.
Rfc1 Ne5 16. Be3 Qa5 17. h3 Nh7 18. Nh1 f5 19. Nf2 Nf6 20. exf5 Bxf5 21. g4 Bd7
22. g5 Nh7 23. f4 Nf7 24. Bd3 Nf8 25. Re1 Re7 26. Qc2 Rbe8 27. Bd2 Rxe1+ 28.
Bxe1 Qb4 29. Ne2 Rxe2 30. Bxe2 Qxf4 31. Ra3 Bd4 32. Kg2 Nxg5 33. Qd2 Qf5 34. h4
Qxd5+ 35. Kf1 Bh3+ 0-1

[Event "Czech open A"]
[Site "?"]
[Date "2013.07.23"]
[Round "5.59"]
[White "Jaracz, Barbara"]
[Black "Druska, Juraj"]
[Result "0-1"]
[WhiteElo "2270"]
[BlackElo "2385"]
[PlyCount "96"]
[EventDate "2013.??.??"]
[TimeControl "6000+1370"]
[WhiteClock "0:17:48"]
[BlackClock "0:20:07"]

1. e4 e5 2. Nf3 Nc6 3. Bb5 a6 4. Ba4 Nf6 5. d3 b5 6. Bb3 Bc5 7. c3 O-O 8. O-O
d6 9. Bg5 Be6 10. Bc2 h6 11. Bh4 Bb6 12. Nbd2 Qe7 13. Re1 g5 14. Bg3 g4 15. Nh4
Nh5 16. Nf1 Qg5 17. Ne3 Ne7 18. d4 Ng7 19. Qd2 exd4 20. cxd4 f5 21. exf5 Nexf5
22. Nhxf5 Nxf5 23. Qd3 Rae8 24. Nxf5 Bxf5 25. Qb3+ Kg7 26. Bxf5 Qxf5 27. Qc3
Qf6 28. d5 Qxc3 29. bxc3 Ba5 30. Rec1 Rf5 31. c4 bxc4 32. Rxc4 h5 33. Rc6 Bb6
34. h3 gxh3 35. gxh3 Rxd5 36. Kg2 Re2 37. Kf3 Rb2 38. a4 a5 39. Ke4 Rd4+ 40.
Kf5 h4 41. Bf4 Rxf2 42. Rg1+ Kf7 43. Rg4 Rxa4 44. Rxh4 Ke7 45. Rc3 Kd7 46. Kg5
Rb4 47. Rh7+ Ke6 48. Bg3 Rg2 0-1

[Event "Czech open A"]
[Site "?"]
[Date "2013.07.23"]
[Round "5.60"]
[White "Pasiev, Rakhim"]
[Black "Mukashev, Assan"]
[Result "1-0"]
[WhiteElo "2384"]
[BlackElo "2247"]
[PlyCount "81"]
[EventDate "2013.??.??"]
[TimeControl "6000+1470"]
[WhiteClock "0:36:56"]
[BlackClock "0:33:17"]

1. e4 e6 2. Nc3 d5 3. Nf3 Nf6 4. e5 Nfd7 5. d4 c5 6. dxc5 Nc6 7. Bf4 Nxc5 8.
Be2 Be7 9. h4 a6 10. h5 b5 11. Bd3 b4 12. Ne2 f5 13. Ned4 Na5 14. Qe2 Bd7 15.
g3 Nab7 16. Kf1 Qb6 17. Kg2 Rg8 18. Be3 Qc7 19. Rac1 Ne4 20. Bf4 Qb6 21. Be3
Nbc5 22. Nb3 Qb7 23. Nxc5 Bxc5 24. Bxc5 Nxc5 25. Nd4 Qb8 26. f3 Qb6 27. Qe3 Na4
28. b3 Nc5 29. c4 Nxd3 30. Qxd3 dxc4 31. Rxc4 Bb5 32. Rxb4 Rd8 33. Qc3 Qa5 34.
a4 Bd7 35. Re1 Rc8 36. Qd2 Ke7 37. Re2 Rc7 38. Nxf5+ exf5 39. Qd6+ Ke8 40. Rb8+
Bc8 41. b4 1-0

[Event "Czech open A"]
[Site "?"]
[Date "2013.07.23"]
[Round "5.61"]
[White "Seyb, Alexander"]
[Black "Peterson, Eric"]
[Result "1-0"]
[WhiteElo "2380"]
[BlackElo "2239"]
[PlyCount "147"]
[EventDate "2013.??.??"]
[TimeControl "6000+1175"]
[WhiteClock "0:18:37"]
[BlackClock "0:11:47"]

1. e4 e6 2. d4 d5 3. Nc3 Bb4 4. e5 c5 5. a3 Ba5 6. Bd2 cxd4 7. Nb5 Bc7 8. f4
Bd7 9. Qg4 g6 10. Nxd4 Nc6 11. Nb5 Nge7 12. Nf3 Nf5 13. Bd3 Bb8 14. Qh3 a6 15.
Bxf5 axb5 16. Bd3 Qb6 17. Qh4 Bc7 18. Qf2 Qxf2+ 19. Kxf2 Bb6+ 20. Be3 d4 21.
Bd2 O-O 22. Rhe1 f6 23. Kg3 fxe5 24. Nxe5 Nxe5 25. fxe5 Bc7 26. Bb4 Rf7 27. Bc5
Bc6 28. Bxd4 Rd8 29. Bc3 Rd5 30. h4 Kg7 31. Re2 Bd8 32. Rh1 h6 33. Rf2 Rxf2 34.
Kxf2 Bb6+ 35. Kg3 Bd4 36. Bxd4 Rxd4 37. Rf1 h5 38. Rf4 Rd5 39. Rf6 Rxe5 40.
Rxg6+ Kf7 41. Kf4 Re1 42. Rg5 Rb1 43. b3 Ra1 44. Bxb5 Rxa3 45. Bxc6 bxc6 46.
Rc5 Ra1 47. Rxc6 Kf6 48. b4 Rf1+ 49. Ke4 Re1+ 50. Kf3 Rf1+ 51. Kg3 Rb1 52. c3
Kf5 53. Kf3 Rf1+ 54. Ke2 Rg1 55. Kf2 Rb1 56. Rd6 e5 57. Rd2 Ke4 58. Re2+ Kf4
59. g3+ Kf5 60. Re3 Rb2+ 61. Ke1 e4 62. Kd1 Ke5 63. Kc1 Rg2 64. b5 Ra2 65. Re1
Ra1+ 66. Kd2 Ra2+ 67. Ke3 Rc2 68. Rb1 Rxc3+ 69. Kf2 Rc2+ 70. Kf1 Kf5 71. b6 Rc8
72. b7 Rb8 73. Rb5+ Kg4 74. Kg2 1-0